[Event "AUTO-OPEN-2029"]
[Site "http://www.queenalice.com/game.php?id=798701"]
[Date "2010.7.4"]
[Round "1"]
[White "bbking"]
[Black "Murakami"]
[Result "0-1"]
[WhiteElo "1494"]
[BlackElo "1100"]

1. e4 c5 2. Nf3 Nc6 3. d4 cxd4 4. Nxd4 g6 5. c4 Bg7 6. Be3 d6 7. Nxc6 bxc6 8. c5
d5 9. Nc3 e6 10. Bd3 Ne7 11. O-O O-O 12. b4 Bxc3 13. Rb1 d4 14. Bg5 e5 15. f4
Qc7 16. a3 Kg7 17. fxe5 Qxe5 18. Bxe7 Qxe7 19. Rf4 f5 20. h3 Be6 21. g4 fxg4 22.
Rxf8 Rxf8 23. hxg4 Qh4 24. Be2 Rf2 0-1

[Event "AUTO-OPEN-2029"]
[Site "http://www.queenalice.com/game.php?id=798702"]
[Date "2010.7.4"]
[Round "1"]
[White "Murakami"]
[Black "bbking"]
[Result "1-0"]
[WhiteElo "1365"]
[BlackElo "1522"]

1. e4 e5 2. Nf3 Nc6 3. Bb5 a6 4. Ba4 Nf6 5. c3 Nxe4 6. O-O b5 7. Bc2 d5 8. Re1
Bg4 9. d3 Bxf3 10. Qxf3 Ng5 11. Bxg5 Be7 12. Bxe7 Nxe7 13. Rxe5 f6 14. Re2 O-O
15. d4 a5 16. Nd2 a4 17. b3 axb3 18. Bxb3 c6 19. Rae1 g6 20. Rxe7 f5 21. Rb7 Rf7
22. Rxf7 Kxf7 23. Qf4 Rb8 24. Nf3 b4 25. Ng5+ Kg8 26. c4 h6 27. Ne6 Qe8 28. cxd5
g5 29. Qxf5 cxd5 30. Bxd5 Kh8 31. Qf6+ 1-0

[Event "AUTO-OPEN-2029"]
[Site "http://www.queenalice.com/game.php?id=798731"]
[Date "2010.7.4"]
[Round "1"]
[White "Murakami"]
[Black "Gorgona"]
[Result "1-0"]
[WhiteElo "1555"]
[BlackElo "1896"]

1. c4 e5 2. Nc3 Nc6 3. g3 g6 4. Bg2 Bg7 5. Nf3 d6 6. e4 Nf6 7. O-O O-O 8. d3 a5
9. Bg5 h6 10. Be3 Ng4 11. h3 Nxe3 12. fxe3 Be6 13. Rf2 Qd7 14. Qe2 Bxh3 15. Nh4
Bf6 16. Rxf6 Bg4 17. Qf2 Nb4 18. Qd2 g5 19. Nf5 Bxf5 20. Rxf5 Kg7 21. Bh3 Qe7
22. Raf1 c6 23. a3 Na6 24. Bg4 Kg6 25. Rf6+ Qxf6 26. Bh5+ Kg7 27. Rxf6 Kxf6 28.
Qf2+ Kg7 29. Qf5 Nc5 30. d4 Nd3 31. dxe5 Nxe5 32. c5 Nc4 33. cxd6 Nxe3 34. Qe5+
Kg8 35. d7 Nc4 36. Qf6 Rad8 37. Bg4 Ne3 38. Qxh6 Nxg4 39. Qxg5+ Kh7 40. Qxg4 Rg8
41. Qf5+ Kg7 42. Ne2 Kf8 43. e5 Ke7 44. Qf6+ Kxd7 45. Qxf7+ Kc8 46. Kg2 Rgf8 47.
Qe6+ Kb8 48. Nf4 Rde8 49. Qd6+ Kc8 50. e6 Rg8 51. Qd7+ Kb8 52. e7 Rc8 53. Ne6
1-0

[Event "AUTO-OPEN-2029"]
[Site "http://www.queenalice.com/game.php?id=798733"]
[Date "2010.7.4"]
[Round "1"]
[White "Murakami"]
[Black "talounet"]
[Result "0-1"]
[WhiteElo "1555"]
[BlackElo "2038"]

1. e4 d6 2. d4 g6 3. f4 Bg7 4. Be3 c6 5. Nf3 Nf6 6. c3 Nxe4 7. Bd3 f5 8. O-O Nd7
9. Nbd2 Ndf6 10. Qc2 d5 11. Ne5 Nxd2 12. Bxd2 Ne4 13. Bxe4 Bxe5 14. fxe5 dxe4
15. Bh6 Be6 16. Rfd1 Qc7 17. c4 O-O-O 18. Qa4 Kb8 19. Bf4 Qb6 20. Be3 Rhf8 21.
g3 Rg8 22. Rab1 g5 23. Bf2 Qc7 24. b3 f4 25. d5 e3 26. Bxe3 fxe3 27. dxe6 Qxe5
28. b4 e2 29. Re1 Rgf8 30. Qc2 Qe3+ 31. Kg2 Rf2+ 32. Kh3 Rd4 0-1

[Event "AUTO-OPEN-2029"]
[Site "http://www.queenalice.com/game.php?id=798734"]
[Date "2010.7.4"]
[Round "1"]
[White "talounet"]
[Black "Murakami"]
[Result "1-0"]
[WhiteElo "2101"]
[BlackElo "1100"]

1. d4 Nf6 2. Nf3 d5 3. Bf4 e6 4. e3 g6 5. c3 Bg7 6. Bd3 O-O 7. Nbd2 Nbd7 8. Bg5
b6 9. Ne5 Bb7 10. Ndf3 Rc8 11. h4 c5 12. h5 cxd4 13. exd4 Qc7 14. hxg6 fxg6 15.
Bh6 Nxe5 16. Nxe5 Nd7 17. Bxg7 Kxg7 18. Rxh7+ Kxh7 19. Qh5+ Kg7 20. Qxg6+ Kh8
21. Qh7# 1-0

[Event "CON AIR"]
[Site "http://www.queenalice.com/game.php?id=799121"]
[Date "2010.7.5"]
[Round "-"]
[White "rogeriooliveira"]
[Black "Murakami"]
[Result "0-1"]
[WhiteElo "1515"]
[BlackElo "1644"]

1. e4 c5 2. d4 cxd4 3. Qxd4 Nc6 4. Qd5 Nf6 5. Qd3 e5 6. Bg5 Be7 7. Bxf6 Bxf6 8.
Nc3 O-O 9. O-O-O Be7 10. Qg3 d6 11. Rd3 f5 12. exf5 Bxf5 13. Rf3 Bh4 14. Qxg7+
Kxg7 15. g3 Bg5+ 16. Kd1 Bxc2+ 17. Kxc2 Nd4+ 18. Kd3 Nxf3 19. Nxf3 Rxf3+ 20. Ke2
Rxc3 21. bxc3 Qa5 22. Kf3 Rf8+ 23. Kg4 e4 24. Bc4 Qf5+ 0-1

[Event "CON AIR V"]
[Site "http://www.queenalice.com/game.php?id=799125"]
[Date "2010.7.5"]
[Round "-"]
[White "rogeriooliveira"]
[Black "Murakami"]
[Result "0-1"]
[WhiteElo "1515"]
[BlackElo "1627"]

1. e4 c5 2. d4 cxd4 3. Qxd4 Nc6 4. Qd5 Nf6 5. Qd3 e5 6. Bg5 Be7 7. Bxf6 Bxf6 8.
Nc3 O-O 9. O-O-O Be7 10. Nf3 d6 11. Nb5 Bg4 12. Be2 Nb4 13. Qc3 Nxa2+ 14. Kb1
Nxc3+ 15. Nxc3 Be6 16. Kc1 f5 17. exf5 Bxf5 18. Bd3 Bxd3 19. cxd3 Rc8 20. Rde1
Bg5+ 21. Kc2 Bf4 22. g3 Bxg3 23. hxg3 Rxf3 24. Rh2 Qa5 0-1

[Event "Challenge"]
[Site "http://www.queenalice.com/game.php?id=799231"]
[Date "2010.7.5"]
[Round "-"]
[White "Murakami"]
[Black "Taimanovbr"]
[Result "1-0"]
[WhiteElo "1504"]
[BlackElo "1360"]

1. d4 d5 2. c4 e6 3. cxd5 exd5 4. Nc3 Nf6 5. Bg5 c6 6. e3 Be7 7. Bd3 Nbd7 8. Nf3
Qc7 9. O-O O-O 10. Qc2 h6 11. Bh4 Re8 12. Rae1 Bf8 13. Bg3 Nh5 14. Bxc7 1-0

[Event "Challenge"]
[Site "http://www.queenalice.com/game.php?id=814307"]
[Date "2010.8.6"]
[Round "-"]
[White "gambitmiau64"]
[Black "Murakami"]
[Result "1/2-1/2"]
[WhiteElo "1650"]
[BlackElo "1594"]

1. e4 e6 2. d4 d5 3. e5 c5 4. Nf3 Nc6 5. Bb5 Bd7 6. O-O a6 7. Bxc6 Bxc6 8. b3
cxd4 9. Nxd4 Bc5 10. Bb2 Ne7 11. Ba3 Bxa3 12. Nxa3 O-O 13. c4 Ng6 14. f4 dxc4
15. Nxc4 Qc7 16. Rc1 Rad8 17. Nd6 f6 18. Nxe6 Qb6+ 19. Kh1 fxe5 20. Nxf8 Rxd6
21. Qxd6 Bxg2+ 22. Kxg2 Qxd6 23. Nxg6 Qxg6+ 24. Kh1 Qe4+ 25. Kg1 Qe3+ 26. Kg2
Qe4+ 27. Kg3 exf4+ 28. Kh3 Qe3+ 29. Kg4 h5+ 30. Kf5 Qd3+ 31. Kxf4 Qd4+ 1/2-1/2

[Event "PW V"]
[Site "http://www.queenalice.com/game.php?id=818222"]
[Date "2010.8.14"]
[Round "-"]
[White "perucona"]
[Black "Murakami"]
[Result "1-0"]
[WhiteElo "1522"]
[BlackElo "1655"]

1. e4 e6 2. d4 d5 3. e5 c5 4. dxc5 Bxc5 5. Be3 Bxe3 6. fxe3 Ne7 7. Nc3 O-O 8.
Nf3 Nbc6 9. Bb5 Ng6 10. Bxc6 bxc6 11. O-O Ba6 12. Rf2 Rb8 13. b3 Qc7 14. h4 Nxe5
15. Nxe5 Qxe5 16. Qd2 Rb4 17. a3 Rxh4 18. g3 Qxg3+ 19. Rg2 Qh3 20. Kf2 Qf5+ 21.
Kg1 Rg4 22. Rf1 1-0

[Event "Challenge"]
[Site "http://www.queenalice.com/game.php?id=820893"]
[Date "2010.8.20"]
[Round "-"]
[White "OsirBon"]
[Black "Murakami"]
[Result "1-0"]
[WhiteElo "1690"]
[BlackElo "1591"]

1. e4 e6 2. d4 d5 3. Nc3 Bb4 4. e5 Ne7 5. Bd3 O-O 6. Nf3 h6 7. O-O c5 8. dxc5
Bxc5 9. Na4 b6 10. c3 Nec6 11. Nxc5 bxc5 12. Re1 c4 13. Bc2 Nd7 14. b3 Na5 15.
Nd4 Bb7 16. Qg4 Kh8 17. Qh3 f5 18. Nxe6 Qe7 19. Nxf8 Rxf8 20. Bxf5 Bc8 21. Bxh6
gxh6 22. Qxh6+ Kg8 23. Be6+ Rf7 24. Bxf7+ Qxf7 25. e6 Qg7 26. Qxg7+ Kxg7 27.
exd7 1-0

[Event "Wilter"]
[Site "http://www.queenalice.com/game.php?id=824081"]
[Date "2010.8.27"]
[Round "-"]
[White "WILTER"]
[Black "Murakami"]
[Result "0-1"]
[WhiteElo "1591"]
[BlackElo "1561"]

1. e4 e6 2. d4 d5 3. exd5 exd5 4. h3 Nc6 5. Nf3 Nf6 6. Bg5 Be7 7. Bb5 O-O 8. O-O
h6 9. Be3 Bd7 10. Bxc6 Bxc6 11. Ne5 Bd6 12. Nxc6 bxc6 13. Qf3 Qd7 14. Nd2 Rae8
15. Bxh6 gxh6 16. Qxf6 Re6 17. Qf3 Rg6 18. Rae1 Kh7 19. Qd3 Rg8 20. f4 Kh8 21.
Re2 Rg3 22. Rf3 Bxf4 0-1

[Event "Challenge"]
[Site "http://www.queenalice.com/game.php?id=847889"]
[Date "2010.10.19"]
[Round "-"]
[White "betofortaleza"]
[Black "Murakami"]
[Result "0-1"]
[WhiteElo "1741"]
[BlackElo "1659"]

1. e4 c5 2. Bc4 e6 3. d3 a6 4. a4 b5 5. axb5 Bb7 6. Nf3 axb5 7. Rxa8 Bxa8 8.
Bxb5 Bd6 9. O-O Ne7 10. b3 O-O 11. Ng5 h6 12. Nh3 Qc7 13. f4 Nec6 14. f5 Nd4 15.
g3 Nxb5 16. Qg4 exf5 17. Rxf5 Bxg3 18. hxg3 Qd6 19. Nf4 Qd4+ 20. Kf1 Nd6 21. Rd5
Bxd5 22. Nxd5 Kh7 23. Ne7 Qe5 24. Nd5 f5 25. Qh4 fxe4+ 26. Bf4 Qxd5 27. Kg1 exd3
28. cxd3 Qxd3 29. Nd2 Nf5 30. Qh2 g5 31. Bxg5 Qxg3+ 32. Qxg3 Nxg3 33. Be7 Rg8
34. Kf2 Na6 35. Bd6 Nf5 36. Ne4 Nxd6 37. Nxd6 h5 38. Ne4 Kg6 39. Kg3 Kf5+ 40.
Kf3 h4 41. Nf2 d5 42. Ke3 Rg3+ 43. Kd2 Rg2 44. Ke3 Rxf2 45. Kxf2 c4 0-1

[Event "AUTO-OPEN-2189"]
[Site "http://www.queenalice.com/game.php?id=868659"]
[Date "2010.12.6"]
[Round "1"]
[White "ThiagoNeves"]
[Black "Murakami"]
[Result "1-0"]
[WhiteElo "2237"]
[BlackElo "1655"]

1. e4 d5 2. exd5 e6 3. dxe6 Bxe6 4. d4 Nf6 5. Nf3 Bd6 6. Bd3 h6 7. c4 O-O 8. O-O
Bg4 9. Nc3 Re8 10. h3 Bh5 11. g4 Bg6 12. Bxg6 fxg6 13. c5 Bf8 14. Qb3+ Kh7 15.
Qxb7 Nbd7 16. Bf4 Rb8 17. Qxc7 Qxc7 18. Bxc7 Rxb2 19. Rab1 Rxb1 20. Rxb1 1-0

[Event "AUTO-OPEN-2189"]
[Site "http://www.queenalice.com/game.php?id=868660"]
[Date "2010.12.6"]
[Round "1"]
[White "Murakami"]
[Black "ThiagoNeves"]
[Result "0-1"]
[WhiteElo "1655"]
[BlackElo "2236"]

1. e4 d6 2. d4 Nf6 3. Nc3 c6 4. Nf3 Bg4 5. Be2 Nbd7 6. O-O e5 7. Bg5 Be7 8. h3
Bxf3 9. Bxf3 O-O 10. Ne2 h6 11. Bh4 Re8 12. c3 d5 13. exd5 e4 14. Bxf6 Nxf6 15.
Bg4 h5 16. Bf5 Qxd5 17. Ng3 h4 18. c4 Qa5 19. Nxe4 Qxf5 0-1

[Event "AUTO-OPEN-2189"]
[Site "http://www.queenalice.com/game.php?id=868697"]
[Date "2010.12.6"]
[Round "1"]
[White "Catamarca"]
[Black "Murakami"]
[Result "1-0"]
[WhiteElo "1766"]
[BlackElo "1684"]

1. d4 d5 2. Bf4 Bf5 3. e3 e6 4. Nf3 Nf6 5. Be2 c5 6. c3 cxd4 7. Nxd4 Bg6 8. Bxb8
Rxb8 9. Qa4+ Nd7 10. Qxa7 Bc5 11. Qa4 O-O 12. O-O 1-0

[Event "AUTO-OPEN-2189"]
[Site "http://www.queenalice.com/game.php?id=868698"]
[Date "2010.12.6"]
[Round "1"]
[White "Murakami"]
[Black "Catamarca"]
[Result "0-1"]
[WhiteElo "1668"]
[BlackElo "1779"]

1. e4 d6 2. d4 Nf6 3. Nc3 b6 4. Nf3 Bb7 5. Bd3 Nbd7 6. O-O g6 7. Re1 Bg7 8. Bg5
O-O 9. Qd2 c5 10. d5 Ng4 11. h3 Nge5 12. Nxe5 Nxe5 0-1